LEADER 01015naa a2200229 u 4500 001 000000096262 003 CaOOAMICUS 005 20070226130145.0 008 040924s1985 gw u000 u ger u 020 $a3110105314 035 $a11008473 040 $aIAR$bita 100 1 $aDaiber, Hans,$d1942-$0(OLS)http://pul/name/61432 245 14$aDie Kreuzzüge im Lichte islamischer Theologie :$bTheologische Interpretamente bei Abû ?âma (gest. 665/1268) /$cHans Daiber. 260 $aBerlin :$bW. de Gruyter,$c1985. 300 $aS. 77-85, ;$c25 cm 773 0 $aOrientalische Kultur und europäisches Mittelalter. 773 0 $aMiscellanea mediaevalia.$g17 773 0 $tOrientalische Kultur und europäisches Mittelalter$w()2374 996 $6020$a3110105314$9(OLS)http://pul/number/3169 996 $6245$aDie Kreuzzüge im Lichte islamischer Theologie :$bTheologische Interpretamente bei Abû ?âma (gest. 665/1268)$9(OLS)http://pul/title/123138 996 $6260$aBerlin :$bW. de Gruyter$9(OLS)http://pul/publisher/48032 LEADER 01497nam a2200313 a 4500 001 000000127916 003 CaOOAMICUS 005 20120309114029.0 008 120309s2011 vc af u000 u ita r 020 $a978-88-209-8626-1 040 $aPUL$bita 082 04$a282.092 100 0 $aBenedictus PP.$bXVI,$d1927-2022.$0(OLS)http://pul/name/14991 245 10$aInsieme in Cristo per rinnovare la società :$bviaggio apostolico in Croazia 4-5 giugno 2011 /$cBenedetto XVI. 260 $aCittà del Vaticano :$bLibreria editrice vaticana,$c©2011. 300 $a61 p., [4] p. di tav. :$bill. ;$c18 cm 600 04$aBenedictus PP. XVI,$d1927-2022$xViaggi apostoloci.$0(OLS)http://pul/subject/38530 850 $aPUL 852 $aPUL$W1$xSL Religione 3$y85$m282. 092 BENED16 6$j148063$qDDC 21$B146658$CPULBib$Z2$F146658 $H118145 $82 900 $aRatzinger, Joseph,$ccard.,$d1927-2022$914991 900 $aBenedetto XVI,$cpapa,$d1927-$914991 910 $aPapi (2005-2013 : Benedictus PP. XVI)$914991 910 $aPapi (2005-2013 : Benedictus PP. XVI)$914991 941 1 $a9 996 $6020$a978-88-209-8626-1$9(OLS)http://pul/number/149100 996 $6082$a282.092$9(OLS)http://pul/classification/402 996 $6245$aInsieme in Cristo per rinnovare la società :$bviaggio apostolico in Croazia 4-5 giugno 2011$9(OLS)http://pul/title/161654 996 $6260$aCittà del Vaticano :$bLibreria editrice vaticana$9(OLS)http://pul/publisher/47920